000 01244cam a2200229 a 4500
001 000014441
005 20200929163843.0
008 920810s1991 ve ab b 001 0 spa
020 _a9806004825
040 _aDO-SdBNP
_bspa
_cBNPHU
082 _a307.1487
_bH967d
100 1 _aHurtado Salazar, Samuel
_932577
245 1 0 _aDinámicas comunales y procesos de articulación social :
_blas organizaciones populares /
_cSamuel Hurtado Salazar.
260 _aCaracas, Venezuela :
_bFondo Editorial Tropykos :
_bAsociación de Profesores de la U.C.V.,
_c1991.
300 _a185 p. :
_bil., mapas ;
_c21 cm.
500 _aEsta investigación de realizó en el Departamento de Antropología del Instituto Venezolano de Investigaciones Científicas, como trabajo para obtar al título de "Magister Scientiarum" en Antropología social, durante los años 1981 y 1982.
504 _aIncluye referencias bibliográficas (p. 161-168).
650 4 _aDesarrollo de la comunidad
_zCaracas, (Venezuela{Rpara}
_932578
650 4 _aParticipación social
_zCaracas, (Venezuela{Rpara}
_932579
650 4 _aOrganizaciones no gubernamentales
_zVenezuela
_932580
710 2 _aInstituto Venezolano de Investigaciones Científicas
_bDepartamento de Antropología
_932581
999 _c14031
_d14031